| 000 | 00382nam a22001457a 4500 | ||
|---|---|---|---|
| 003 | OSt | ||
| 005 | 20251106054212.0 | ||
| 008 | 251106b |||||||| |||| 00| 0 eng d | ||
| 020 | _a978-621-427-065-1 | ||
| 040 |
_aDWCL-Main lib _cOC |
||
| 082 | _aFil. 375.001 R756c 2019 | ||
| 100 | _aRomo, Necy Cesaria V. | ||
| 245 | _aCurriculum development/ | ||
| 942 |
_2ddc _cBK - FIL _kFil. _n0 |
||
| 999 |
_c5578 _d5578 |
||